LEADER 03458nam 22006492 450 001 9910455097903321 005 20151005020620.0 010 $a1-107-11130-7 010 $a0-511-00305-6 010 $a1-280-42044-8 010 $a0-511-17181-1 010 $a0-511-14919-0 010 $a0-511-30949-X 010 $a0-511-49189-1 010 $a0-511-05193-X 035 $a(CKB)111004366731710 035 $a(EBL)144658 035 $a(OCoLC)475870682 035 $a(SSID)ssj0000162362 035 $a(PQKBManifestationID)11166976 035 $a(PQKBTitleCode)TC0000162362 035 $a(PQKBWorkID)10201222 035 $a(PQKB)11016752 035 $a(UkCbUP)CR9780511491894 035 $a(MiAaPQ)EBC144658 035 $a(Au-PeEL)EBL144658 035 $a(CaPaEBR)ebr10014866 035 $a(CaONFJC)MIL42044 035 $a(EXLCZ)99111004366731710 100 $a20090302d1999|||| uy| 0 101 0 $aeng 135 $aur||||||||||| 181 $ctxt$2rdacontent 182 $cc$2rdamedia 183 $acr$2rdacarrier 200 10$aGerman unification and the union of Europe $ethe domestic politics of integration policy /$fJeffrey Anderson$b[electronic resource] 210 1$aCambridge :$cCambridge University Press,$d1999. 215 $a1 online resource (xii, 227 pages) $cdigital, PDF file(s) 300 $aTitle from publisher's bibliographic system (viewed on 05 Oct 2015). 311 $a0-521-64390-2 311 $a0-521-64355-4 320 $aIncludes bibliographical references (p. 212-224) and index. 327 $tA new Germany in Europe? --$tUnification and "Germany in Europe" --$tContinuity in trade and internal market --$tMixed outcomes in energy and environment --$tChange in competition policy --$tChange in structural funds and the CAP --$tA new Germany in Europe. 330 $aGerman Unification and the Union of Europe discusses some of the most interesting questions in the study of comparative politics and international relations. The book studies the sources of continuity and change in German policy toward the European Union, set in the context of the competing pulls of integration into the EU, and unification of East and West Germany. Employing a framework of analysis premised on the interaction of interests, institutions and ideas, the book asks: how has the domestic politics of unification influenced German policy toward Europe? Why has continuity reigned in some areas, whereas in others significant changes, sometimes reversals, have been registered? What are the implications of this checkered pattern of outcomes for Germany and for Europe? Jeffrey Anderson's book focusses on the political economy issues (such as trade, internal market, energy, and industrial policy) which represent key components of both German domestic politics and Germany's relationship with Europe. Awarded the DAAD 2000 Prize for Distinguished Scholarship in German Studies: Politics and Foreign Policy. 517 3 $aGerman Unification & the Union of Europe 607 $aGermany$xHistory$yUnification, 1990 607 $aGermany$xRelations$zEurope 607 $aEurope$xRelations$zGermany 607 $aGermany$xCommercial policy 676 $a327.4304/09/049 700 $aAnderson$b Jeffrey J.$0257263 801 0$bUkCbUP 801 1$bUkCbUP 906 $aBOOK 912 $a9910455097903321 996 $aGerman Unification and the Union of Europe$9698487 997 $aUNINA LEADER 02360nam 2200517 450 001 9910806938603321 005 20200520144314.0 010 $a1-4232-3374-3 035 $a(CKB)3710000001404139 035 $a(MiAaPQ)EBC4877047 035 $a(Au-PeEL)EBL4877047 035 $a(CaPaEBR)ebr11397718 035 $a(OCoLC)990733946 035 $a(BIP)058715625 035 $a(EXLCZ)993710000001404139 100 $a20190123d2016 uy 0 101 0 $aeng 135 $aurcnu|||||||| 181 $ctxt$2rdacontent 182 $cc$2rdamedia 183 $acr$2rdacarrier 200 00$aDental anatomy 210 1$a[Place of publication not identified] :$cBarCharts, Inc.,$d[2016] 215 $a1 online resource (6 pages) 225 1 $aQuick Study Academic 311 $a1-4232-3310-7 330 8 $aLoaded with meticulously detailed, beautifully illustrated structures of the human dental anatomy and the surrounding systems that support its function, clearly and concisely labeled for easy identification. Illustrations by award-winning and best-selling medical illustrator Vincent Perez, whose life mission is cataloging the beauty and detail of our complicated body systems for the medical professional, the formative student and the inquisitive layperson.Suggested uses:o Dental Students & Hygienists - handy and incredibly thorough reference that is compact and easily reviewed on a daily basiso Dentists - what any professional office needs for reference while consulting patients, also leave guides in offices to look over while patients waito Parents - can show kids where their adult teeth are hiding when losing teeth, plus to emphasize the importance of taking care of their mouth and teetho Patient - use guide to locate sources of pain for reporting to your dentist 410 0$aQuickStudy academic. 606 $aMouth$xAnatomy$vOutlines, syllabi, etc 606 $aTeeth$xAnatomy$vOutlines, syllabi, etc 610 $aMOUTH 610 $aTEETH 610 $aHUMAN ANATOMY 610 $aMEDICAL 610 $aSCIENCE 615 0$aMouth$xAnatomy 615 0$aTeeth$xAnatomy 676 $a611.31 700 $aPerez$b Vincent$01598000 801 0$bMiAaPQ 801 1$bMiAaPQ 801 2$bMiAaPQ 906 $aBOOK 912 $a9910806938603321 996 $aDental anatomy$94057873 997 $aUNINA